| 000 | 01364cam a2200253 4500 | ||
|---|---|---|---|
| 001 | ##L131515 | ||
| 002 | ##9215 | ||
| 008 | 051110n2005 000 0 eng u | ||
| 020 | _a1904388574 | ||
| 035 | _a(Sirsi) u131515 | ||
| 041 | 0 | _aeng | |
| 050 | 0 | 4 | _a690.25 $2 18 |
| 110 | 2 |
_aCollege of Estate Management _9400 |
|
| 245 | 0 | 0 |
_aBuilding pathology _bresidential dwellings |
| 260 |
_aReading _bCollege of Estate Management _c2005 |
||
| 350 | _a125 | ||
| 490 |
_aCollege of Estate Management Distance Learning Study Material for Licensed Home Inspectors _vLHI3 |
||
| 505 | 2 | _aCommon building defects -- Structural failures in traditionally built domestic buildings -- Maintenance of buildings -- Measurement -- Health and safety -- Introduction to conservation | |
| 520 | _aAimed at those seeking to qualify as a home inspector this distance learning pack covers all aspects of residential building pathology. Each study paper is divided into sections while lists of expected learning outcomes are provided. | ||
| 520 | _aIncludes "Dilapidations- an introduction : a CPD study pack" (ISBN 1904388191) and "The house - UK domestic construction from medieval times to the present day : a CPD study pack" (ISBN 1899769641) which are available to borrow seperately. | ||
| 590 | _aIKA170106 | ||
| 690 | _aBUILT ENVIRONMENT-BUILDING PATHOLOGY | ||
| 942 | _n0 | ||
| 999 |
_c104779 _d104779 |
||